| 000 | 01480nam a2200349Ia 4500 | ||
|---|---|---|---|
| 001 | ebr10206455 | ||
| 003 | CaPaEBR | ||
| 006 | m u | ||
| 007 | cr cn||||||||| | ||
| 008 | 010105s2001 caua sbf 001 0 eng d | ||
| 010 | _z 2001086089 | ||
| 020 | _z0120585707 (alk. paper) | ||
| 040 |
_aCaPaEBR _cCaPaEBR |
||
| 035 | _a(OCoLC)162129280 | ||
| 050 | 1 | 4 |
_aLB3051 _b.H31985 2001eb |
| 245 | 0 | 0 |
_aHandbook of psychoeducational assessment _h[electronic resource] : _bability, achievement, and behavior in children / _cedited by Jac J.W. Andrews, Donald H. Saklofske, Henry L. Janzen. |
| 246 | 3 | 0 | _aPsychoeducational assessment |
| 260 |
_aSan Diego : _bAcademic Press, _cc2001. |
||
| 300 |
_axxvii, 512 p. : _bill. |
||
| 490 | 1 | _aEducational psychology series | |
| 504 | _aIncludes bibliographical references and index. | ||
| 533 |
_aElectronic reproduction. _bPalo Alto, Calif. : _cebrary, _d2011. _nAvailable via World Wide Web. _nAccess may be limited to ebrary affiliated libraries. |
||
| 650 | 0 |
_aEducational tests and measurements _vHandbooks, manuals, etc. |
|
| 650 | 0 |
_aIntelligence tests _vHandbooks, manuals, etc. |
|
| 655 | 7 |
_aElectronic books. _2local |
|
| 700 | 1 | _aAndrews, Jac. | |
| 700 | 1 | _aJanzen, Henry L. | |
| 700 | 1 | _aSaklofske, Donald H. | |
| 710 | 2 | _aebrary, Inc. | |
| 830 | 0 | _aEducational psychology. | |
| 856 | 4 | 0 |
_uhttp://site.ebrary.com/lib/rucke/Doc?id=10206455 _zAn electronic book accessible through the World Wide Web; click to view |
| 999 |
_c224996 _d224996 |
||